El gobierno de las indias
Gespeichert in:
| 1. Verfasser: | |
|---|---|
| Format: | Buch |
| Sprache: | Spanisch |
| Veröffentlicht: |
Madrid, España.
Marcial Pons,
2004
|
| Schriftenreihe: | Historia
|
| Schlagworte: | |
| Online-Zugang: | Disponible Online |
| Tags: |
Tag hinzufügen
Keine Tags, Fügen Sie den ersten Tag hinzu!
|
MARC
| LEADER | 00000nam a2200000 a 4500 | ||
|---|---|---|---|
| 001 | UCH1927 | ||
| 003 | CL-VaPUC | ||
| 005 | 20221103170127.0 | ||
| 008 | 090520e20040000SP |||||||||||||||||spa|d | ||
| 999 | |c 333821 |d 333819 | ||
| 020 | |a 8497681320 | ||
| 040 | |c Pontificia Universidad Católica de Valparaíso | ||
| 082 | 0 | 4 | |a 980 BAR 2004 |2 21 |
| 100 | 0 | |a Barrientos Grandón, Javier Orlando |e author |9 536557 | |
| 245 | 1 | 3 | |a El gobierno de las indias |
| 260 | |a Madrid, España. |b Marcial Pons, |c 2004 | ||
| 300 | |a 267 páginas | ||
| 490 | 0 | |a Historia | |
| 583 | |a last modification |c 20090520 00:00:00 |k Rodrigo Vera | ||
| 650 | 0 | |a Historia de América |9 266076 | |
| 852 | |a BIBHIS | ||
| 856 | |u http://bibliografiadigital.pucv.cl/index.php/bibliotecapucv/catalog/book/1003 |y Disponible Online | ||
| 942 | |c BK |2 ddc | ||
| 945 | |d 20090520 00:00:00 |a rbrito | ||
| 952 | |0 0 |1 0 |4 0 |6 980_000000000000000_BAR_2004 |7 0 |8 A |9 422451 |a BIBHIS |b BIBHIS |d 2019-11-22 |i 4551028 |l 5 |o 980 BAR 2004 |p 4551028 |r 2025-01-20 |s 2023-05-08 |w 2019-11-22 |y BK |k HIS | ||
| 952 | |0 0 |1 0 |2 ddc |4 0 |6 980_000000000000000_BAR_2004 |7 0 |8 A |9 576575 |a BIBHIS |b BIBHIS |d 2020-06-09 |e 3 |g 32474.00 |i 5576369 |o 980 BAR 2004 |p 5576369 |r 2025-01-20 |t 3 |v 32474.00 |w 2020-06-09 |y BK |k HIS | ||
| 952 | |0 0 |1 0 |2 ddc |4 0 |6 980_000000000000000_BAR_2004 |7 0 |8 A |9 576576 |a BIBHIS |b BIBHIS |d 2020-06-09 |e 3 |g 32474.00 |i 5576350 |l 4 |o 980 BAR 2004 |p 5576350 |r 2025-01-20 |s 2023-05-22 |t 2 |v 32474.00 |w 2020-06-09 |y BK |k HIS | ||